The Mass in the West. (Record no. 3118)

MARC details
000 -LEADER
fixed length control field 00858cam a22002771 4500
001 - CONTROL NUMBER
control field 10312129
003 - CONTROL NUMBER IDENTIFIER
control field GBCCL
005 - DATE AND TIME OF LATEST TRANSACTION
control field 20241126110447.0
008 - FIXED-LENGTH DATA ELEMENTS--GENERAL INFORMATION
fixed length control field 720615s1962 nyu 000 0 eng
010 ## -
-- 62012212
035 ## - SYSTEM CONTROL NUMBER
System control number (OCoLC)332936
040 ## - CATALOGING SOURCE
Original cataloging agency DLC
Transcribing agency ONowdM
Modifying agency OCoLC
-- DLC
042 ## -
-- premarc
050 00 -
-- BX1995.A1
-- S5
082 ## - DEWEY DECIMAL CLASSIFICATION NUMBER
Classification number 264.02
Item number SHE
100 1# - MAIN ENTRY--PERSONAL NAME
Personal name Sheppard, Lancelot C.
Fuller form of name (Lancelot Capel),
Dates associated with a name 1906-
9 (RLIN) 6450
245 14 - TITLE STATEMENT
Title The Mass in the West.
250 ## - EDITION STATEMENT
Edition statement [1st ed.]
260 ## - PUBLICATION, DISTRIBUTION, ETC.
Place of publication, distribution, etc. New York,
Name of publisher, distributor, etc. Hawthorn Books
Date of publication, distribution, etc. [1962]
300 ## - PHYSICAL DESCRIPTION
Extent 109 p.
Dimensions 21 cm.
490 0# - SERIES STATEMENT
Series statement The Twentieth century encyclopedia of Catholicism, v. 111. Section 10: The worship of the church
610 20 - SUBJECT ADDED ENTRY--CORPORATE NAME
Corporate name or jurisdiction name as entry element Catholic Church.
Title of a work Missal.
9 (RLIN) 6451
650 #0 - SUBJECT ADDED ENTRY--TOPICAL TERM
Topical term or geographic name entry element Lord's Supper (Liturgy)
9 (RLIN) 6452
906 ## - LOCAL DATA ELEMENT F, LDF (RLIN)
a 7
b cbc
c oclcrpl
d u
e ncip
f 19
g y-gencatlg
942 ## - ADDED ENTRY ELEMENTS (KOHA)
Source of classification or shelving scheme Dewey Decimal Classification
Koha item type Books
Holdings
Withdrawn status Lost status Source of classification or shelving scheme Damaged status Not for loan Home library Current Library Shelving location Date acquired Total checkouts Full call number Barcode Date last seen Copy number Price effective from Koha item type
    Dewey Decimal Classification     GRACE BIBLE COLLEGE GRACE BIBLE COLLEGE Ministry & Mission 2017-10-30   264.02 SHE 005429 2025-05-01 c.1 2017-10-30 Books
© Grace Bible College Library 2025